| 000 | 02447nab a2200325 i 4500 | ||
|---|---|---|---|
| 003 | BR-BrBNA | ||
| 005 | 20251216145215.0 | ||
| 008 | 251216b2024 bl.ar|pooa||| 00| 0 eng | | ||
| 040 |
_aBR-BrBNA _beng |
||
| 072 | _aF02 | ||
| 072 | _aF30 | ||
| 072 | _aF70 | ||
| 100 | _aIannicelli, Jesica | ||
| 100 | _aCostoya, Susana | ||
| 100 | _aBugallo, Verónica | ||
| 100 | _aCoviella, María Andrea | ||
| 100 | _aMondino, Eduardo Ariel | ||
| 100 | _aIslas, Andrea Julieta Thougnon | ||
| 100 | _aEscandón, Alejandro Salvio | ||
| 245 | _aA new variety of Solanum sisymbriifolium obtained by in vitro polyploidization | ||
| 500 | _aPublicação on-line; 40 ref.; 1 table; 6 illus.; Summaries (En, Pt) | ||
| 520 | _a Abstract Solanum sisymbriifolium is a shrub native to South America and considered a weed of several important crops. Despite this, this species has proven nematicidal capacity and medicinal properties, due to its ability to produce alkaloids. Thus, the objective of this work was to adjust a reliable protocol to obtain in vitro polyploid plants of S. sisymbriifolium to generate germplasm that serves as the basis for a breeding program of this species aimed to improve the sanitary conditions of horticultural crops with less impact on the environment. Key words: colchicine, micropropagation, tetraploid, tissue culture. Resumo Solanum sisymbriifolium é um arbusto nativo da América do Sul, sendo considerado uma erva daninha para diversas culturas agrícolas. Apesar disto, esta espécie apresenta capacidade nematicida e propriedades medicinais comprovadas devido à produção de alcalóides, com relevante potencial de uso. O objetivo deste trabalho foi obter autoploides sintéticos através da micropropagação e poliploidização in vitro de S. sisymbriifolium, como base para programa de melhoramento, a fim de aprimorar manejo fitossanitário com menor impacto ambiental. Palavras-chave: colchicina, micropropagação, tetraplóide, cultura de tecidos. | ||
| 650 | _aCOLCHICINA | ||
| 650 | _aMICROPROPAGAÇÃO | ||
| 650 | _aTECIDO | ||
| 773 | 0 |
_0709 _9359346 _dRio de Janeiro-RJ Jardim Botanico do Rio de Janeiro 1935 _o2025-7320 _tRodriguésia (Brazil) _x0370-6583; 2175-7860 on-line _gv. 75 p. 1-11; (2024) _wBR2025004461 |
|
| 856 | _uhttps://www.scielo.br/j/rod/a/kLSQFr6bT5dnSHpqfnZqRxz/?format=pdf&lang=en | ||
| 942 | _cANA | ||
| 999 |
_c339452 _d339452 |
||